| 000 | 00876cab a2200277 4500 | ||
|---|---|---|---|
| 001 | ABS54728 | ||
| 008 | 090401t1996 xxu||||| |||| 00| 0 eng d | ||
| 035 | _a(Sirsi) u12011 | ||
| 041 | _aeng | ||
| 100 | _aNewell, G. | ||
| 245 | _aRisk estimation and appraisal-smoothing in UK property returns | ||
| 260 | _c1996 | ||
| 350 | _a0 | ||
| 490 |
_aJournal of Property Research _v13(1) March 1996, 1-12(12) |
||
| 520 | _aSets out to develop a formula to adjust for appraisal-smoothing and temporal aggregation using the IPD monthly return indices from 1987-1992. | ||
| 650 | _aIPD MONTHLY INDEX | ||
| 650 | _aIPD | ||
| 650 | _aPROPERTY INDICES | ||
| 650 | _aPROPERTY RETURNS | ||
| 650 | _aRISK ESTIMATION | ||
| 650 | _aTEMPORAL AGGREGATION | ||
| 690 | _aPROPERTY-PROPERTY FINANCE AND INVESTMENT | ||
| 700 | _aMacFarlane, J. | ||
| 942 | _n0 | ||
| 948 | _c04/03/1997 | ||
| 999 |
_c7681 _d7681 |
||